00776nam a22002177a 4500003000900000008004100009020002200050040007100072082002000143100003300163245009300196260007100289300006100360440001100421650002000432650001500452650001600467650002000483700002000503700003500523AR-CdUCM190409b ||||| |||| 00| 0 spa d a978-612-47327-1-3 aMUNICIPALIDAD PROVINCIAL DEL CUSCOcBIBLIOTECA MUNICIPAL DEL CUSCO aEP / 372 /bN25 aPino Castro, Carlos Albertos aMis lecturas preferidas I :b3er grado primaria "con actividades para el plan lector " / aCusco :bRepresentaciones generales y servicios americanos,c2016. a170 paginas ;bIlustraciones, graficos, dibujos,c25 cm. aRegesa aTexto Educativo aLiteratura aEducación aCuentos y mitos aMontalvo, Vicky aEscalante Gutierre, Emperatriz